• 首页
  • 本馆介绍
  • 公告通知
  • 最新文献
  • 馆藏检索
  • 电子资源
  • 读者导购
  • 参考咨询
  • 我的图书馆
  • 登录
  • 详细信息显示
  • 放入我的书架
  • 预约/预借图书
  • 作者相关作品
  • 分类相关作品
  • 丛书相关作品
  • 出版社相关作品

书目信息

  • 表格格式
  • 工作单格式
  • 卡片格式
题名:
急性肾功能衰竭
    
 
作者: 程一雄 编著
分册:  
出版信息: 上海   上海科学技术出版社  1963
页数: 245页
开本: 21cm
丛书名: 医学专题丛书
单 册:
中图分类: R692.5
科图分类:
主题词: 肾功能衰竭
电子资源:
ISBN: 14119.1127
000 00756oam2 2200265 450
001 0163004890
005 20100713172223.0
010    @a14119.1127@dCNY1.10
091    @a14119.1127@dCNY1.10
100    @a20090302d1963 em y0chiy0121 ea
101 0  @achi
102    @aCN@b310000
105    @aa a 000yy
106    @ar
200 1  @a急性肾功能衰竭@9Ji Xing Shen Gong Neng Shuai;Cui Jie @f程一雄等编著
210    @a上海@c上海科学技术出版社@d1963
215    @a245页@c图表@d21cm
225 2  @a医学专题丛书@9yi xue zhuan ti cong shu
320    @a有书目
461  0 @12001 @a医学专题丛书
606 0  @a肾功能衰竭
690    @aR692.5@v4
701  0 @a程一雄@9cheng yi xiong@4编著
801  0 @aCN@b91MARC@c20130904
905    @aBZT@dR692.5@e5@f2@sR692.5/5
    
    急性肾功能衰竭/程一雄等编著.-上海:上海科学技术出版社,1963
    245页:图表;21cm.-(医学专题丛书)
    
    
    ISBN 14119.1127:CNY1.10
    
●
相关链接 在五车中查询图书 在当当中查询图书 在豆瓣中查询图书


正题名:急性肾功能衰竭     索取号:R692.5/5         预约/预借

序号 登录号 条形码 馆藏地/架位号 状态 备注
1 2000048205   2000048205   旧书回溯/ [索取号:R692.5/5] 在馆    
2 2000143194   2000143194   旧书回溯/ [索取号:R692.5/5] 在馆    
山东省滨州职业学院图书馆 欢迎您!
大连网信软件有限公司© 版权所有